| 000 | 01248nam a22002777a 4500 | ||
|---|---|---|---|
| 005 | 20150115144545.0 | ||
| 008 | 140617s2013 ck ad gr 00010 spa d | ||
| 020 | _a9789587616187 | ||
| 040 |
_aCO-BoBLA _cCO-BoBLA _dCo-BoIAVH |
||
| 041 | _aspa | ||
| 044 | _ack | ||
| 082 | 0 | 4 |
_a338.10986 _bC26p |
| 100 | 1 |
_aCardona-Alzate, Carlos Ariel, _d1970 - _931610 |
|
| 245 | 1 | 0 |
_aPosibilidades de desarrollo agroindustrial en el departamento del Huila / _cCarlos Ariel Cardona Alzate, Carlos Eduardo Orrego Alzate, Johnny Alexander Tamayo Arias. |
| 260 |
_aManizales : _bUniversidad Nacional de Colombia. Facultad de Ingeniería y Arquitectura : _bMinisterio de Educación, _c2013. |
||
| 300 |
_a168 p. : _bil., gráficos ; _c24 cm. |
||
| 490 | 1 | _aLibro de invesigación | |
| 504 | _aIncluye referencias bibliográficas (p. 167-168) | ||
| 650 | 4 |
_aIndustria agrícola _z Huila (Colombia) _931611 |
|
| 650 | 4 |
_aAgricultura _x Aspectos económicos _z Huila (Colombia) _931612 |
|
| 650 | 4 |
_aProductos agrícolas _z Huila (Colombia) _931613 |
|
| 650 | 4 |
_aProyectos de desarrollo agrícola _z Huila (Colombia) _931614 |
|
| 700 | 1 |
_aOrrego-Alzate, Carlos Eduardo. _931615 |
|
| 700 | 1 |
_aTamayo Arias, Johnny Aleander, _d1976-. _931616 |
|
| 942 |
_2ddc _cLIBRO |
||
| 999 |
_c8989 _d8989 |
||